The language question among the Subcarpathian Rusyns

Titel: The language question among the Subcarpathian Rusyns / Paul R. Magocsi
Verfasser:
Veröffentlicht: Fairview, NJ : Carpatho-Rusyn Research Center, 1987
Umfang: 55 Seiten
Format: Buch
Sprache: Englisch; Slawische Sprachen
RVK-Notation:
Schlagworte:
ISBN: 0917242041
Buchumschlag
X
Lokale Klassifikation: 24 10 B
alg: 8376647
001A    $03004:29-09-99 
001B    $06055:15-02-26 $t18:09:07.000 
001D    $09999:99-99-99 
001U    $0utf8 
001X    $00 
002@    $0Aau 
002C    $aText $btxt $2rdacontent 
002D    $aohne Hilfsmittel zu benutzen $bn $2rdamedia 
002E    $aBand $bnc $2rdacarrier 
003@    $0083766472 
003O    $0231772526 $aOCoLC 
004A    $00-917242-04-1 
007A    $0083766472 $aHEB 
007T    $0Herdhh083766472 
010@    $aeng $asla 
011@    $a1987 
021A    $aThe @language question among the Subcarpathian Rusyns $hPaul R. Magocsi 
028A    $BVerfasser $#Magocsi, Paul R. $#Маґочій, Павло-Роберт $#Magocsi, Paul Robert $#Magocsi, Pavel Robert $#Magocsi, Pavol R. $#Magochyi, Pavlo R. $#Magoči, Pavel R. $#Magoči, Pavlo R. $#Maġoči, P. R. $#Maġoči, P.R. $#Maġočij, Pavel R. $#Maġočij, Pavel Robert $#Magočij, Pavlo Robert $#Magočij, Pavlo-Robert $#Magočij, Pol Robert $#Magočij, Pavel Robert $#Magočyj, P.-R. $#Magočyj, Pavlo Robert $#Magočyj, Pavlo R. $#Mahochi, Pavlo Robert $#Mahochi, P. R. $#Mahochi, P.R. $#Mahočij, Pol Robert $4aut $7124737250 $8Magocsi, Paul R.$Z1945- [Tp1] $9113374275 
033A    $pFairview, NJ $nCarpatho-Rusyn Research Center 
034D    $a55 Seiten 
037A    $aLiteraturangaben 
044K    $ROstslawische Sprachen $#Russinisch $#Ruthenisch Rusinisch $#Karpatoukrainisch Rusinisch $#Carpatho-Russian $D20251120 $Ecgmnf $74178735-3 $8Rusinisch [Ts1] $9085848034 
044K    $RSprachpolitik $D20251120 $Ecgmnf $74182508-1 $8Sprachenfrage [Ts1] $9085878332 
044K    $RUkrainische SSR $#Ukraine $#Ukraine $#Ukraine $#Украïна $#Ukrainische SSR $#Ukrajina $#Ukraina $#Ukraïna Ukraine $#Ukraina Ukraine $#Ukrajna $D20251120 $Ecgmnf $74061496-7 $8Ukraine [Tg1] $9085170801 
045F    $a400 $eDDC23BSB 
045F/01 $a400 
045F/03 $g4373 
045G    $a417.7094373 $eDDC23BSB 
045G/01 $a417.7 
045G/03 $g4373 
045Z    $D20251120 $Ecgmnf $8KE 5000 [Tkv] $9409143154 
046L    $aText englisch u. rusynisch 

lok: 8376647 24
101B    $004-12-02 $t12:14:29.876 
101C    $029-09-99 
145Z/01 $a24 10 B 
101U    $0utf8 

exp: 8376647 24 1 #EPN
201B/01 $011-10-05 $t12:23:16.000 
201C/01 $029-09-99 
203@/01 $0137766084 
208@/01 $a29-09-99 $bz 
209A/01 $aS 16905 $du $f050 $hS 16905 $x00 
209C/01 $a99.2901 K $h99 2901 K 
209G/01 $a71144208 $x00 
247C/01 $8358050-7 Marburg, Bibliothek des Herder-Instituts Marburg $9102600961 
201U/01 $0utf8 

lok: 8376647 78

exp: 8376647 78 1 #EPN
201B/01 $019-04-17 $t18:37:25.000 
201U/01 $0utf8 
203@/01 $0793151716 
208@/01 $a12-11-16 $be 
209A/01 $a/ $f000 $x00 
237A/01 $aText engl. u. rusynisch. - weiterführende Signatur(en): Herder-Institut: S 16905 
244Z/01 $2Trx $#Slowakische Republik $#Szlovák Köztársaság $#Republika Słowacka $#Slovenská Republika $#Slovensko $#Slowakei $#Słowacja $#Slovensko $8--Trx--Slovenská Republika $x01 $9391345796 
244Z/01 $2Trx $8--Trx--Monographie $x02 $9391384546 
245Z/01 $a11.07 $x01 
247C/01 $82080>Marburg/Lahn, Herder-Institut, Forschungsbibliothek, Bibliographieportal $9336309341
LEADER 00000cam a2200000 c 4500
001 083766472
003 DE-603
005 20260215180907.0
007 tu
008 990929s1987 xx |||| | u00||u|eng c
020 |a 0917242041 
035 |a (DE-599)HEB083766472 
035 |a (OCoLC)231772526 
040 |a DE-603  |b ger  |c DE-603  |d DE-603 
041 |a eng  |a sla 
082 0 4 |8 1\u  |a 400  |q DE-101  |2 23/BSB 
083 0 |8 2\u  |a 417.7094373  |q DE-101  |2 23/BSB 
084 |a KE 5000  |0 (DE-625)72592:  |0 (DE-603)409143154  |2 rvk 
085 |8 1\u  |b 400 
085 |8 1\u  |z 2  |s 4373 
085 |8 2\u  |b 417.7 
085 |8 2\u  |z 2  |s 4373 
100 1 |a Magocsi, Paul R.  |d 1945-  |e Verfasser  |4 aut  |0 (DE-603)113374275  |0 (DE-588)124737250  |2 gnd 
245 0 0 |a ˜Theœ language question among the Subcarpathian Rusyns  |c Paul R. Magocsi 
264 1 |a Fairview, NJ  |b Carpatho-Rusyn Research Center  |c 1987 
300 |a 55 Seiten 
336 |a Text  |b txt  |2 rdacontent 
337 |a ohne Hilfsmittel zu benutzen  |b n  |2 rdamedia 
338 |a Band  |b nc  |2 rdacarrier 
500 |a Literaturangaben 
546 |a Text englisch u. rusynisch 
650 7 |a Rusinisch  |0 (DE-588)4178735-3  |0 (DE-603)085848034  |2 gnd 
650 7 |a Sprachenfrage  |0 (DE-588)4182508-1  |0 (DE-603)085878332  |2 gnd 
651 7 |a Ukraine  |0 (DE-588)4061496-7  |0 (DE-603)085170801  |2 gnd 
924 0 |9 Mb 50  |a (DE-603)137766084  |b DE-Mb50  |c HES  |d c  |g S 16905 
924 0 |9 2080  |a (DE-603)793151716  |b DE-2080  |c HES  |d d  |g /